000 00592nam a2200229 i 4500
001 C2-0137562
003 PPAK
005 20180727124250.0
008 971214s1985 my |||| ||||| | eng d
040 _aPPAK
_beng
_cPPAK
_erda
082 0 4 _a899.233
_223
090 0 0 _a899.233
_bSHA
_dKK
100 0 _aShahnon Ahmad,
_eauthor
245 1 0 _aRentong
264 1 _aMuar, Johor :
_bPenerbitan Sahabat ,
_c1985
300 _a105 pages ;
_c22 cm
336 _2rdacontent
_atext
337 _2rdamedia
_aunmediated
338 _2rdacarrier
_avolume
650 1 0 _aMalay fiction
942 _ddc
_cB
999 _c42981
_d42981